| 000 | 00718aam a2200265 4500 | ||
|---|---|---|---|
| 005 | 20161115142450.0 | ||
| 008 | 150610b xxu||||| |||| 00| 0 spa d | ||
| 041 | _aEspañol | ||
| 082 | _a917.286 B168n | ||
| 100 |
_aBaker, Christopher _915014 |
||
| 245 | _aNational Geographic Traveler Costa Rica | ||
| 260 |
_aEstados Unidos _bNational Geographic _c2009 |
||
| 300 | _a271 páginas | ||
| 650 |
_aCOSTA RICA _931626 |
||
| 650 |
_aDESCRIPCIONES Y VIAJES _931627 |
||
| 650 |
_aNATURALEZA _931628 |
||
| 650 |
_aTIERRA _97961 |
||
| 650 |
_aECOSISTEMA _917349 |
||
| 650 |
_aFLORA _94418 |
||
| 650 |
_aFAUNA _94419 |
||
| 650 |
_aGOBIERNO _9485 |
||
| 650 |
_aECONOMÍA _9189 |
||
| 650 |
_aGUÍAS _9738 |
||
| 942 | _cBK | ||
| 999 |
_c2755 _d2755 |
||